<?xml version="1.0" encoding="UTF-8"?>
<record
    xmlns:xsi="http://www.w3.org/2001/XMLSchema-instance"
    xsi:schemaLocation="http://www.loc.gov/MARC21/slim http://www.loc.gov/standards/marcxml/schema/MARC21slim.xsd"
    xmlns="http://www.loc.gov/MARC21/slim">

  <leader>     nam a22     7a 4500</leader>
  <datafield tag="999" ind1=" " ind2=" ">
    <subfield code="c">9813</subfield>
    <subfield code="d">9813</subfield>
  </datafield>
  <controlfield tag="008">171120b        xxu||||| |||| 00| 0 eng d</controlfield>
  <datafield tag="020" ind1=" " ind2=" ">
    <subfield code="a">0316734241</subfield>
  </datafield>
  <datafield tag="100" ind1=" " ind2=" ">
    <subfield code="a">Danko, Dan &amp; Tom Mason</subfield>
  </datafield>
  <datafield tag="245" ind1=" " ind2=" ">
    <subfield code="a">Attack of the Mole Master</subfield>
  </datafield>
  <datafield tag="952" ind1=" " ind2=" ">
    <subfield code="0">0</subfield>
    <subfield code="1">0</subfield>
    <subfield code="2">ddc</subfield>
    <subfield code="4">0</subfield>
    <subfield code="6">F_DAN</subfield>
    <subfield code="7">0</subfield>
    <subfield code="8">FIC</subfield>
    <subfield code="9">11825</subfield>
    <subfield code="a">AY</subfield>
    <subfield code="b">AY</subfield>
    <subfield code="c">GEN</subfield>
    <subfield code="d">2017-11-20</subfield>
    <subfield code="e">Donation</subfield>
    <subfield code="g">4.99</subfield>
    <subfield code="l">2</subfield>
    <subfield code="m">1</subfield>
    <subfield code="o">F DAN</subfield>
    <subfield code="p">420907</subfield>
    <subfield code="r">2023-10-26 00:00:00</subfield>
    <subfield code="s">2023-10-26</subfield>
    <subfield code="w">2017-11-20</subfield>
    <subfield code="y">PB</subfield>
    <subfield code="z">Sidekicks Book # 3</subfield>
  </datafield>
</record>
